CPC na jurisprudn̊cia

Bibliographic Details
Main Author: Tartuce, Fernanda
Other Authors: Roque, Andre, Gajardoni, Fernando, Dellore, Luiz, Duarte, Zulmar
Format: eBook
Language:Portuguese
Published: Indaiatuba: Editora Foco, 2021
Subjects:
Online Access:Acceso restringido

MARC

LEADER 00000nam a22000007a 4500
005 20220420234033.0
007 cr|||| ||||
008 220420s2021 br |||||s|||| 00||0 por d
020 |a 978-65-5515-227-2 
035 |a 36193 
040 |a vLex 
090 |c 13214  |d 13214 
100 1 |a Tartuce, Fernanda 
245 1 0 |a CPC na jurisprudn̊cia  |h [Recurso electrn̤ico] /  |c Fernanda Tartuce, Andre Roque, Fernando Gajardoni, Luiz Dellore, Zulmar Duarte 
256 |a Servicio en ln̕ea 
260 |a Indaiatuba:  |b Editora Foco,  |c 2021 
300 |a 1 recurso electrn̤ico 
506 1 |a Disponible solo en los productos indicados  |d vLex Global  |d vLex Global (Academic Edition, excluding Law Schools)  |d vLex Global (U.S. Academic Edition, Law Schools)  |d vLex Global (U.S. Academic Edition, excluding Law Schools)  |d vLex Global (Academic Edition, Law Schools) 
650 0 4 |a Derecho Civil  |z Brasil 
700 1 |a Roque, Andre 
700 1 |a Gajardoni, Fernando 
700 1 |a Dellore, Luiz 
700 1 |a Duarte, Zulmar 
740 0 |a vLex Libros (Servicio en ln̕ea) 
856 4 0 |u https://app.vlex.com/#/sources/36193  |z Acceso restringido 
942 |c BOOK 
999 0 |a Civil Law